00562 2200205 4500001002100000005001500021008004100036020001800077035002000095041000700115082001000122084001600132090001600148100002300164245007200187250001000259260003400269300003100303990002200334INLIS00000000000012220240516100104240516 | | ind  a979-489-110-X a0010-0722000122 aid a634.4 a634.4 HAR j a634.4 Har j0 aHariyanto, Bambang1 aJambu air : Jenis, perbanyakan, dan perawatan /cHariyanto, Bambang acet.1 ajak :bPenebar Swadaya,c1992 avi,100hlm :bilus. ;c21cm ac.3/864/App/pb/94